000 00780nam a2200277Ia 4500
005 20260320195745.0
008 008 262003s9999 xx 000 0 hin d
020 _a9788126713813
037 _aEBOOK
040 _aCRL
040 _bhin
040 _cCRL
041 _2hin
041 _ahin
084 _qCRL
100 _aकैथरीन मैन्सफील्ड, अनु. शाहिद अख्तर
_91133027
245 0 _aगार्डन पार्टी और अन्य कहानियाँ
250 _a2nd
260 _bRajkamal
260 _c2007
300 _a196
856 _uhttps://ebook.indiaread.in/pdfs/466_garden_party_aur_anya_kahaniyan.pdf
942 _cEBOOK
999 _c1716333
_d1716333